00679nam a2200181Ia 4500001000700000003000500007008004100012010001100053040000900064100003400073245017600107260004100283300001100324502007600335650002300411650002900434700003400463Z_1832CHAP220113s1997 xx 000 0 und d a164926 cCHAP aDávalos Escalera, Juventino aAnálisis de rentabilidad y parámetros técnicos de las empresas porcinas en el estado de Veracruz /cpor Juventino Dávalos Escalera y Dagoberto Bautista Jonguitud aChapingo, Méx. :bEl autor,c1997 a119 h. aTesis (Ing. Agr. Esp. en Zootecnia) -- UACH. Departamento de Zootecnia aEmpresas porcinas  aGanado porcinoxVeracruz aBautista Jonguitud, Dagoberto